[Event "CYP-ch (Women)"]
[Site "Larnaca"]
[Date "2022.04.03"]
[Round "7"]
[White "Markidou, Christianna"]
[Black "Bouzana, Christina"]
[Result "1-0"]
[WhiteElo "1706"]
[BlackElo "1108"]
[PlyCount "79"]
[EventDate "2022.03.12"]
[EventType "tourn"]
[EventRounds "7"]
[EventCountry "CYP"]
[SourceTitle "EXT 2024"]
[Source "ChessBase"]
[SourceDate "2023.10.10"]
[SourceVersion "1"]
[SourceVersionDate "2023.10.10"]
[SourceQuality "1"]

1. e4 c6 2. d4 d5 3. e5 Bf5 4. Bd3 Bxd3 5. Qxd3 e6 6. Be3 Nd7 7. f4 Ne7 8. Nf3 Nf5 9. Bf2 g6 10. Nbd2 Bg7 11. 0-0-0 Qc7 12. Nb3 0-0-0 13. Kb1 Rde8 14. Rc1 f6 15. c4 Ne7 16. c5 Nf5 17. a4 a6 18. Rc3 Bh6 19. g3 Rhf8 20. Nc1 Nb8 21. Rb3 g5 22. g4 Ne7 23. Qxh7 Ng8 24. Qxc7+ Kxc7 25. exf6 Nxf6 26. fxg5 Nxg4 27. Bg3+ Kc8 28. gxh6 Nxh6 29. Ng5 Rf5 30. h4 Nd7 31. Nd3 Ng4 32. Ne5 Ndxe5 33. Bxe5 Nxe5 34. dxe5 Rxe5 35. Nf7 Rh5 36. Nd6+ Kc7 37. Nxe8+ Kc8 38. Nd6+ Kc7 39. Rxb7+ Kd8 40. Rg1 1-0

[Event "CYP-ch (Women)"]
[Site "Larnaca"]
[Date "2022.03.13"]
[Round "2"]
[White "Markidou, Christianna"]
[Black "Ioannides Liu, Alice"]
[Result "1-0"]
[WhiteElo "1706"]
[BlackElo "1296"]
[PlyCount "75"]
[EventDate "2022.03.12"]
[EventType "tourn"]
[EventRounds "7"]
[EventCountry "CYP"]
[SourceTitle "EXT 2024"]
[Source "ChessBase"]
[SourceDate "2023.10.10"]
[SourceVersion "1"]
[SourceVersionDate "2023.10.10"]
[SourceQuality "1"]

1. e4 e5 2. Nf3 Nc6 3. d4 exd4 4. Nxd4 Nxd4 5. Qxd4 d6 6. Nc3 Bd7 7. Bc4 Nf6 8. 0-0 Be7 9. Bg5 0-0 10. f4 Ng4 11. Bxe7 Qxe7 12. Rad1 Bc6 13. Rf3 Rad8 14. Qxa7 b6 15. Qa3 Kh8 16. h3 Nf6 17. Re3 Nh5 18. Bd5 Bxd5 19. Nxd5 Qh4 20. Rf3 Nf6 21. Nxc7 Nxe4 22. Nd5 Rfe8 23. Qd3 Nc5 24. Qf1 Qh5 25. Qf2 Ne4 26. Qxb6 Rb8 27. Qd4 f5 28. a4 Qg6 29. Re1 Nc5 30. Rxe8+ Rxe8 31. Re3 Rxe3 32. Qxe3 Qe6 33. Qxe6 Nxe6 34. a5 Nc5 35. b4 Na6 36. b5 Nc5 37. a6 Kg8 38. a7 1-0

[Event "CYP-ch op"]
[Site "Nicosia"]
[Date "2022.02.13"]
[Round "5"]
[White "Kourouzides, Constantinos"]
[Black "Markidou, Christianna"]
[Result "0-1"]
[WhiteElo "1251"]
[BlackElo "1706"]
[PlyCount "84"]
[EventDate "2022.02.04"]
[EventType "swiss"]
[EventRounds "9"]
[EventCountry "CYP"]
[SourceTitle "CBM 207 Extra"]
[Source "ChessBase"]
[SourceDate "2022.05.31"]
[SourceVersion "1"]
[SourceVersionDate "2022.05.31"]
[SourceQuality "1"]

1. c4 e6 2. d4 d5 3. Nc3 c6 4. Nf3 Nf6 5. Bg5 Be7 6. a4 0-0 7. cxd5 exd5 8. g3 h6 9. Bxf6 Bxf6 10. Bg2 Re8 11. h3 Nd7 12. a5 a6 13. 0-0 Qe7 14. e4 dxe4 15. Nxe4 Qb4 16. Re1 Qxb2 17. Nd6 Rf8 18. Rb1 Qa3 19. Nxc8 Rfxc8 20. Rxb7 Qd6 21. Re4 c5 22. Rb1 Rab8 23. Rxb8 Rxb8 24. d5 Bc3 25. Qe2 Nf6 26. Re3 Bxa5 27. Qa2 Bb4 28. Nh4 a5 29. Nf5 Qd7 30. Ne7+ Kf8 31. Qc4 a4 32. Qa6 a3 33. Nc6 Re8 34. Ne5 Qf5 35. Qe2 Rxe5 36. Rxe5 Qb1+ 37. Bf1 a2 38. Qb5 Kg8 39. Kh2 a1Q 40. Re8+ Nxe8 41. Qxe8+ Kh7 42. Qxf7 Qf6 0-1

[Event "CYP-ch op"]
[Site "Nicosia"]
[Date "2022.02.06"]
[Round "3"]
[White "Kapelos, Constantinos"]
[Black "Markidou, Christianna"]
[Result "0-1"]
[WhiteElo "1154"]
[BlackElo "1706"]
[PlyCount "78"]
[EventDate "2022.02.04"]
[EventType "swiss"]
[EventRounds "9"]
[EventCountry "CYP"]
[SourceTitle "CBM 207 Extra"]
[Source "ChessBase"]
[SourceDate "2022.05.31"]
[SourceVersion "1"]
[SourceVersionDate "2022.05.31"]
[SourceQuality "1"]

1. c4 e5 2. Nc3 Nf6 3. e3 d5 4. cxd5 Nxd5 5. a3 Nxc3 6. bxc3 Bd6 7. Qc2 Nd7 8. Nf3 0-0 9. Be2 b6 10. 0-0 Bb7 11. a4 a6 12. Ba3 Bxa3 13. Rxa3 Qe7 14. Raa1 c6 15. d4 Rfd8 16. c4 Qf6 17. Rab1 exd4 18. exd4 Rac8 19. Ne5 b5 20. Qe4 Ba8 21. cxb5 cxb5 22. Qd3 Nxe5 23. dxe5 Qxe5 24. Qe3 Qxe3 25. fxe3 bxa4 26. Bxa6 Rc3 27. Rb4 a3 28. Re1 a2 29. Ra4 Rc2 30. Bd3 Rxg2+ 31. Kf1 Rxh2 32. Be2 Rh1+ 33. Kf2 Rxe1 34. Kxe1 Bd5 35. e4 Be6 36. Bd3 h5 37. Kd2 Bb3 38. Ra3 Bc4 39. Rxa2 Bxa2 0-1

[Event "CYP-ch op"]
[Site "Nikosia"]
[Date "2021.06.11"]
[Round "1"]
[White "Tornaritis, Kriton"]
[Black "Markidou, Christianna"]
[Result "1/2-1/2"]
[WhiteElo "1171"]
[BlackElo "1755"]
[PlyCount "207"]
[EventDate "2021.06.11"]
[EventType "swiss"]
[EventRounds "7"]
[EventCountry "CYP"]
[SourceTitle "EXT 2023"]
[Source "ChessBase"]
[SourceDate "2022.10.05"]
[SourceVersion "1"]
[SourceVersionDate "2022.10.05"]
[SourceQuality "1"]

1. e4 e5 2. Bc4 Nf6 3. d3 Be7 4. Nc3 c6 5. Nf3 d6 6. h3 0-0 7. 0-0 b5 8. Bb3 a5 9. a3 Be6 10. Bxe6 fxe6 11. Be3 h6 12. d4 exd4 13. Nxd4 Qd7 14. Qd2 Na6 15. Nf3 b4 16. axb4 axb4 17. Ne2 Nxe4 18. Qd3 Nec5 19. Qd2 Qb7 20. Nf4 Ne4 21. Qd4 c5 22. Qd3 Kf7 23. Rfe1 Nc7 24. Rxa8 Rxa8 25. Nd2 Nxd2 26. Qg6+ Kg8 27. Nxe6 Nxe6 28. Qxe6+ Kh8 29. Bxd2 Bf6 30. Qxd6 Rd8 31. Qxc5 Bxb2 32. Qxb4 Qxb4 33. Bxb4 Rc8 34. Re2 Kg8 35. c3 Bc1 36. h4 Bf4 37. Rc2 Rc4 38. g3 Be5 39. Kg2 Kf7 40. Re2 Bf6 41. Re3 Kg6 42. Kf3 Kf5 43. Rd3 Be5 44. Rd5 Ke6 45. Rd3 Bf6 46. Re3+ Kd5 47. Rd3+ Ke5 48. Ba3 Ke6 49. Bb4 Ke5 50. Re3+ Kd5 51. Re8 Bxc3 52. Bxc3 Rxc3+ 53. Re3 Rc7 54. Kg4 Kd6 55. Rd3+ Ke6 56. Re3+ Kf6 57. Re4 Rc6 58. Rf4+ Kg6 59. Re4 Rf6 60. Rf4 Ra6 61. f3 Ra3 62. h5+ Kh7 63. Rf8 Ra5 64. Rf5 Ra4+ 65. Rf4 Ra3 66. Kh4 Ra1 67. Kg4 Rg1 68. Re4 Ra1 69. Kf4 Ra5 70. g4 Rb5 71. Re5 Rb3 72. Re3 Rb4+ 73. Kf5 Kg8 74. f4 Kf7 75. Re5 Rb1 76. Rd5 Rb7 77. g5 hxg5 78. fxg5 Ra7 79. g6+ Ke7 80. Ke5 Ra1 81. Kf5 Rf1+ 82. Kg4 Rg1+ 83. Kh3 Rh1+ 84. Kg4 Rg1+ 85. Kf3 Rh1 86. Kg2 Rh4 87. Rf5 Ke6 88. Rg5 Kf6 89. Ra5 Rg4+ 90. Kf3 Rg5 91. Ra6+ Ke7 92. Ra7+ Ke6 93. Rxg7 Rxh5 94. Kg4 Ra5 95. Rf7 Rb5 96. Rf4 Ke7 97. Rf5 Rb1 98. Kg5 Rh1 99. g7 Rh2 100. Kf4 Rg2 101. Rg5 Rxg5 102. Kxg5 Kf7 103. Kh6 Kg8 104. Kg6 1/2-1/2

[Event "Lympia Cyprus-ch op"]
[Site "Lympia"]
[Date "2020.02.02"]
[Round "9"]
[White "Markidou, Christianna"]
[Black "Lazaris, Stelios"]
[Result "1-0"]
[WhiteElo "1759"]
[BlackElo "1694"]
[PlyCount "105"]
[EventDate "2020.01.05"]
[EventType "swiss"]
[EventRounds "9"]
[EventCountry "CYP"]
[SourceTitle "CBM 194 Extra"]
[Source "ChessBase"]
[SourceDate "2020.03.31"]
[SourceVersion "1"]
[SourceVersionDate "2020.03.31"]
[SourceQuality "1"]

1. e4 d5 2. exd5 Nf6 3. c4 c6 4. dxc6 Nxc6 5. h3 Bf5 6. Nf3 e6 7. a3 Bc5 8. b4 Bd4 9. Ra2 Bxb1 10. Nxd4 Qxd4 11. Rb2 Qe4+ 12. Qe2 Qxe2+ 13. Bxe2 Bf5 14. Bf3 Be4 15. Bxe4 Nxe4 16. d3 Nf6 17. Be3 0-0 18. b5 Ne5 19. Ke2 b6 20. a4 Rfd8 21. Rb3 Nfd7 22. f4 Ng6 23. d4 Rdc8 24. Rc1 Ne7 25. Ra3 Nf5 26. Bf2 Nd6 27. c5 bxc5 28. dxc5 Ne4 29. c6 Nxf2 30. Kxf2 Nb6 31. a5 Nd5 32. g3 Rab8 33. Rb3 g6 34. Ke2 h5 35. Kd3 h4 36. gxh4 Nxf4+ 37. Kc4 Nd5 38. Kc5 Kf8 39. b6 axb6+ 40. axb6 Ke7 41. Ra1 f5 42. Ra7+ Kf6 43. b7 Re8 44. Rba3 Nc7 45. Rd3 Re7 46. Rd7 Rxd7 47. cxd7 Ke7 48. Kc6 Kd8 49. Ra2 Nd5 50. Ra8 Nb4+ 51. Kd6 Na6 52. Rxa6 Rxb7 53. Ra8+ 1-0

[Event "Lympia Cyprus-ch op"]
[Site "Lympia"]
[Date "2020.02.01"]
[Round "8"]
[White "Biolkini, Alexandr"]
[Black "Markidou, Christianna"]
[Result "0-1"]
[WhiteElo "1134"]
[BlackElo "1759"]
[PlyCount "126"]
[EventDate "2020.01.05"]
[EventType "swiss"]
[EventRounds "9"]
[EventCountry "CYP"]
[SourceTitle "CBM 194 Extra"]
[Source "ChessBase"]
[SourceDate "2020.03.31"]
[SourceVersion "1"]
[SourceVersionDate "2020.03.31"]
[SourceQuality "1"]

1. e4 e5 2. Nf3 d6 3. d4 exd4 4. Nxd4 Nf6 5. Nc3 Be7 6. Nf5 0-0 7. Nxe7+ Qxe7 8. Bg5 c6 9. a4 Nbd7 10. Qf3 Ne5 11. Qf4 Ng6 12. Qg3 h6 13. Bxf6 Qxf6 14. 0-0-0 Rd8 15. Kb1 a6 16. h4 b5 17. a5 Bb7 18. h5 Nf8 19. f4 Ne6 20. e5 dxe5 21. fxe5 Rxd1+ 22. Nxd1 Qe7 23. Be2 Re8 24. Nf2 Nd4 25. Bg4 Qxe5 26. Qc3 Qf4 27. Rf1 Ne6 28. Bf3 Qd4 29. Nd3 Qxc3 30. bxc3 Ng5 31. Nc5 Nxf3 32. Nxb7 Nd2+ 33. Kb2 Nxf1 34. Nc5 Ra8 35. Nd7 Ne3 36. Nb6 Ra7 37. g3 Nf5 38. Nc8 Rc7 39. Nb6 Nxg3 40. Na8 Rb7 41. Nb6 Nxh5 42. Nc8 Nf4 43. Nd6 Rb8 44. Nf5 Kf8 45. Kb3 h5 46. Kb4 Ne6 47. Nh4 Ke7 48. Nf5+ Kf6 49. Ng3 h4 50. Nf1 g5 51. Nh2 Kf5 52. Kb3 g4 53. Kb2 Kf4 54. Kc1 Rd8 55. Nf1 g3 56. Nxg3 hxg3 57. c4 bxc4 58. c3 g2 59. Kc2 g1Q 60. Kb2 Rb8+ 61. Kc2 Qf2+ 62. Kc1 Rh8 63. Kd1 Rh1# 0-1

[Event "Lympia Cyprus-ch op"]
[Site "Lympia"]
[Date "2020.01.26"]
[Round "7"]
[White "Savva, Marios"]
[Black "Markidou, Christianna"]
[Result "1-0"]
[WhiteElo "1718"]
[BlackElo "1759"]
[PlyCount "77"]
[EventDate "2020.01.05"]
[EventType "swiss"]
[EventRounds "9"]
[EventCountry "CYP"]
[SourceTitle "CBM 194 Extra"]
[Source "ChessBase"]
[SourceDate "2020.03.31"]
[SourceVersion "1"]
[SourceVersionDate "2020.03.31"]
[SourceQuality "1"]

1. e4 e5 2. Nf3 Nc6 3. Bb5 Nd4 4. Nxd4 exd4 5. 0-0 a6 6. Bc4 b5 7. Bxf7+ Kxf7 8. Qh5+ Ke7 9. Qe5+ Kf7 10. Qd5+ Ke8 11. Qxa8 Bc5 12. Qd5 Bb6 13. d3 Nf6 14. Qg5 Kf7 15. e5 Nd5 16. Qxd8 Rxd8 17. a3 Re8 18. Nd2 Rxe5 19. Nf3 Re2 20. Bd2 d6 21. Rae1 Rxe1 22. Rxe1 h6 23. h3 a5 24. Nh2 Bd7 25. Nf1 b4 26. axb4 Nxb4 27. Bxb4 axb4 28. b3 Be6 29. Nd2 d5 30. Nf3 c5 31. Ne5+ Kf6 32. g4 Bc7 33. f4 h5 34. Kg2 hxg4 35. hxg4 g6 36. g5+ Kf5 37. Kf3 Bd6 38. Nxg6 c4 39. Nh4# 1-0

[Event "Lympia Cyprus-ch op"]
[Site "Lympia"]
[Date "2020.01.18"]
[Round "4"]
[White "Georgiou, Andreas"]
[Black "Markidou, Christianna"]
[Result "1/2-1/2"]
[WhiteElo "1754"]
[BlackElo "1759"]
[PlyCount "156"]
[EventDate "2020.01.05"]
[EventType "swiss"]
[EventRounds "9"]
[EventCountry "CYP"]
[SourceTitle "CBM 194 Extra"]
[Source "ChessBase"]
[SourceDate "2020.03.31"]
[SourceVersion "1"]
[SourceVersionDate "2020.03.31"]
[SourceQuality "1"]

1. d4 d5 2. c4 e6 3. Nc3 Nf6 4. cxd5 exd5 5. Bg5 Be7 6. e3 0-0 7. Bd3 a6 8. h3 Be6 9. Nf3 Nbd7 10. 0-0 c5 11. Qc2 h6 12. Bf4 c4 13. Bf5 b5 14. Rad1 Qb6 15. Ne5 Bxf5 16. Qxf5 Qe6 17. Qb1 Nb6 18. e4 b4 19. exd5 Nfxd5 20. Nxd5 Nxd5 21. Bg3 c3 22. Rde1 Qc8 23. b3 Bf6 24. Nc4 Qd7 25. Bd6 Rfe8 26. Bc5 Rxe1 27. Rxe1 Re8 28. Ne3 Qe6 29. Nc2 Qd7 30. Rxe8+ Qxe8 31. Qe1 Qxe1+ 32. Nxe1 a5 33. g3 g5 34. Kf1 Kg7 35. Ke2 Kg6 36. Kd3 Bd8 37. Nc2 Kf5 38. a3 bxa3 39. Nxa3 h5 40. Nc4 h4 41. Nd6+ Ke6 42. Ne4 Kf5 43. Nd6+ Ke6 44. Ne4 g4 45. hxg4 h3 46. f4 f5 47. gxf5+ Kxf5 48. Nf2 h2 49. Bd6 c2 50. Kxc2 Ne3+ 51. Kd3 Ng4 52. Nh1 Bb6 53. Bc5 Bd8 54. Bd6 Nf6 55. Be5 Kg4 56. Ke3 Nd5+ 57. Kf2 Nc3 58. Kg2 Ne4 59. Kxh2 Nd2 60. Kg2 Nxb3 61. Nf2+ Kf5 62. g4+ Ke6 63. f5+ Kf7 64. Nd3 a4 65. Nb4 a3 66. Na2 Bf6 67. Bd6 Bxd4 68. Bxa3 Kf6 69. Bb4 Be5 70. Bc3 Bxc3 71. Nxc3 Nd4 72. Kg3 Nxf5+ 73. Kf4 Ne7 74. Ne4+ Kg6 75. Ke5 Nc6+ 76. Kd5 Nb4+ 77. Kc4 Nc6 78. Kd5 Nb4+ 1/2-1/2

[Event "CYP-chB op"]
[Site "Nicosia"]
[Date "2015.01.10"]
[Round "2"]
[White "Aristotelous, Vassilis"]
[Black "Markidou, Christianna"]
[Result "1-0"]
[WhiteElo "1946"]
[BlackElo "1783"]
[PlyCount "45"]
[EventDate "2015.01.09"]
[EventType "swiss"]
[EventRounds "9"]
[EventCountry "CYP"]
[SourceTitle "EXT 2016"]
[Source "ChessBase"]
[SourceDate "2015.10.08"]
[SourceVersion "1"]
[SourceVersionDate "2015.10.08"]
[SourceQuality "1"]

1. e4 e5 2. d4 exd4 3. Nf3 c5 4. Bc4 d6 5. c3 dxc3 6. Qb3 Qe7 7. Nxc3 h6 8. 0-0 Be6 9. Bf4 Bxc4 10. Qxc4 Nc6 11. e5 dxe5 12. Nxe5 Nxe5 13. Bxe5 0-0-0 14. Rfe1 Qe6 15. Qa4 Qa6 16. Qf4 Bd6 17. Rad1 Bxe5 18. Rxd8+ Kxd8 19. Qxe5 Qc6 20. Qb8+ Kd7 21. Qe8+ Kc7 22. Qxf7+ Kb6 23. Re6 1-0

[Event "Aegean op 33rd"]
[Site "Aghios Kirykos"]
[Date "2010.07.13"]
[Round "1"]
[White "Manakova, Maria"]
[Black "Markidou, Christianna"]
[Result "1-0"]
[WhiteElo "2306"]
[BlackElo "1971"]
[PlyCount "81"]
[EventDate "2010.07.13"]
[EventType "swiss"]
[EventRounds "9"]
[EventCountry "GRE"]
[SourceTitle "CBM 137 Extra"]
[Source "ChessBase"]
[SourceDate "2010.09.01"]
[SourceVersion "1"]
[SourceVersionDate "2010.09.01"]
[SourceQuality "1"]

1. e4 e5 2. Nf3 d6 3. d4 exd4 4. Nxd4 Be7 5. Bc4 Nf6 6. Nc3 Nc6 7. Nxc6 bxc6 8. 0-0 0-0 9. Bf4 Be6 10. Bxe6 fxe6 11. e5 Nd5 12. Nxd5 exd5 13. Qg4 dxe5 14. Bxe5 Bf6 15. Rae1 Qc8 16. Qxc8 Raxc8 17. Bxf6 Rxf6 18. Re7 Kf8 19. Rfe1 Rf7 20. R7e6 Rf6 21. Rxf6+ gxf6 22. Re6 Re8 23. Rxe8+ Kxe8 24. g4 Ke7 25. f4 Ke6 26. Kf2 d4 27. Kf3 Kd5 28. h4 c5 29. h5 c4 30. h6 Ke6 31. Ke4 c5 32. b3 d3 33. cxd3 c3 34. Ke3 Kf7 35. b4 cxb4 36. d4 a5 37. Kd3 Ke6 38. d5+ Kxd5 39. g5 fxg5 40. fxg5 Ke6 41. g6 1-0